| 000 | 00373nam a22001577a 4500 | ||
|---|---|---|---|
| 003 | macl | ||
| 005 | 20160114120630.0 | ||
| 008 | 160114b xxu||||| |||| 00| 0 eng d | ||
| 040 | _cmacl | ||
| 041 | _aEnglish | ||
| 082 | _a001 | ||
| 245 | _aPratiyogita Darpan Where Excellence Guides The Success | ||
| 260 |
_aNew Delhi _c2013 |
||
| 650 |
_aG.K _932121 |
||
| 942 |
_2ddc _cBK |
||
| 999 |
_c52171 _d52171 |
||